ბათუმის შოთა რუსთაველის სახელმწიფო უნივერსიტეტის ბიბლიოთეკა

ჰაკი აძბა. (ბიბ.ჩანაწერი № 48434)

000 -LEADER
fixed length control field 00674nam a2200217Ia 4500
001 - CONTROL NUMBER
control field 15326
003 - CONTROL NUMBER IDENTIFIER
control field GE_BSU
008 - FIXED-LENGTH DATA ELEMENTS--GENERAL INFORMATION
fixed length control field 181216s||||||||xx |||||||||||||| ||und||
040 ## - CATALOGING SOURCE
Transcribing agency GE_BSU
080 ## - UNIVERSAL DECIMAL CLASSIFICATION NUMBER
Universal Decimal Classification number 821.353.1-32
100 ## - MAIN ENTRY--PERSONAL NAME
Personal name ქიაჩელი,ლეო.
245 ## - TITLE STATEMENT
Title ჰაკი აძბა.
245 ## - TITLE STATEMENT
Remainder of title ნოველები
245 ## - TITLE STATEMENT
Statement of responsibility, etc. რედ.ი. აბაშიძე, მხატვ.შ.კუპრაშვილი
260 ## - PUBLICATION, DISTRIBUTION, ETC.
Place of publication, distribution, etc. თბილისი
260 ## - PUBLICATION, DISTRIBUTION, ETC.
Name of publisher, distributor, etc. ლიტერატურა და ხელოვნება
260 ## - PUBLICATION, DISTRIBUTION, ETC.
Date of publication, distribution, etc. 1965
300 ## - PHYSICAL DESCRIPTION
Extent 358გვ.21სმ.
653 ## - INDEX TERM--UNCONTROLLED
Uncontrolled term ჰაკი აძბა.
942 ## - ADDED ENTRY ELEMENTS (KOHA)
Koha item type წიგნი
ეგზემპლარები
Withdrawn status Lost status Damaged status Not for loan Date acquired Barcode Date last seen Price effective from Koha item type
        2018-12-17 37863 2018-12-17 2018-12-17 წიგნი